| 000 | 01136nam1a22002771 4500 | ||
|---|---|---|---|
| 001 | rc\3015958 | ||
| 005 | 20250807190154.0 | ||
| 035 | _a(NLR Aleph) 007158255 | ||
| 090 |
_a88726 _c88726 |
||
| 100 | _a20110926d1941 u y0rusy50 ca | ||
| 101 | 0 | _arus | |
| 102 | _aRU | ||
| 105 | _ay z ||||| | ||
| 200 | 1 |
_aИзбранные труды _eТ. 1 - _fакад. Н.Д. Зелинский _g[Отв. ред. С.С. Наметкин] _gАкад. наук СССР |
|
| 210 |
_aМосква _aЛенинград _cИзд-во Акад. наук СССР _d1941 _eМосква |
||
| 215 | _d27 см | ||
| 700 | 1 |
_aЗелинский _bН.Д. _f1861-1953 _gНиколай Дмитриевич |
|
| 702 | 1 |
_aНамёткин _bС. С. _f1876-1950 _gСергей Семёнович _3RU\NLR\AUTH\770249436 _4340 |
|
| 801 | 0 |
_aRU _bNLR _gpsbo |
|
| 801 | 1 |
_aRU _bELAR _2rusmarc |
|
| 852 |
_aNLR _jХ02 Г-7/1(1) |
||
| 942 | _cBOOK | ||
| 945 |
_aРоссийская национальная библиотека _aЦентральная городская библиотека Нижнего Новгорода |
||
| 980 | _aBV | ||
| 980 | _aNB | ||